Uma teoria científica da cultura / (Registro n. 7351)
[ somente texto ]
| 000 -LÍDER | |
|---|---|
| campo de controle de tamanho fixo | 01495nam a2200289 a 4500 |
| 001 - NÚMERO DE CONTROLE | |
| campo de controle | BS0002292 |
| 003 - IDENTIFICADOR DO NÚMERO DE CONTROLE | |
| campo de controle | BR-BrBNA |
| 005 - DATA E HORÁRIO DA ÚLTIMA TRANSAÇÃO | |
| campo de controle | 20230418192006.0 |
| 008 - CAMPO DE DADOS FIXOS--INFORMAÇÃO GERAL | |
| campo de controle de tamanho fixo | 230308b |||||||| |||| 00| 0 por d |
| 040 ## - FONTE DA CATALOGAÇÃO | |
| Instituição da catalogação original | BR-BrBNA |
| Idioma da catalogação | por |
| Instituição que transcreveu o registro | Biblioteca Nacional de Agricultura |
| 041 ## - CÓDIGO DE IDIOMA | |
| Código do idioma do texto/trilha sonora ou título diferente | por |
| 072 ## - CÓDIGO DE CATEGORIA DE ASSUNTO | |
| Código de Categoria de Assunto | B54 |
| 090 ## - NÚMERO DE CHAMADA LOCAL | |
| Número de chamada | B54 BS0002292 |
| 100 1# - ENTRADA PRINCIPAL--NOME PESSOAL | |
| Nome pessoal | Malinowiski, B |
| 245 1# - TÍTULO | |
| Título | Uma teoria científica da cultura / |
| 250 1# - EDIÇÃO | |
| Edição | 3 ed. |
| 260 3# - PUBLICAÇÃO, DISTRIBUIÇÃO, ETC. | |
| Local de publicação, distribuição, etc. | Rio de Janeiro, RJ: |
| Nome do editor, distribuidor, etc. | Zahar Editores, |
| Data da publicação, distribuição, etc. | 1975. |
| 300 ## - DESCRIÇÃO FÍSICA | |
| Extensão | 206 p. |
| 500 ## - NOTA GERAL | |
| Nota geral | Tradução de José Auto Título original: A scientific theory of culture and other esays.<br/> |
| 520 3# - NOTA DE RESUMO, ETC | |
| Resumo, etc. | A Antropologia nasceu sob a estrela do evolucionismo entusiástico, os métodos antropométricos e das descobertas reveladoras em pré-história. Não admira, por isso, que seu interesse inicial se concentrasse na medição de crânios e contagem de ossos em busca do "elo perdido" para a reunião dos elementos sensacionais a respeito de nossos ancestrais semi-humanos. Atualmente, porém, como Ciência Geral do Homem, é a mais ampla entre as disciplinas do Humanismo e seu estudo interessa igualmente ao historiador e ao cientista social, ao lingüista e ao economista. A publicação desta terceira edição de lima Teoria Científica da Cultura é uma comprovação desse renovado interesse. |
| 650 ## - ASSUNTO--TERMO TÓPICO | |
| Cabeçalho tópico ou nome geográfico | SOCIOLOGIA |
| 650 ## - ASSUNTO--TERMO TÓPICO | |
| Cabeçalho tópico ou nome geográfico | CULTURA |
| 650 ## - ASSUNTO--TERMO TÓPICO | |
| Cabeçalho tópico ou nome geográfico | EDUCAÇÃO |
| 650 ## - ASSUNTO--TERMO TÓPICO | |
| Cabeçalho tópico ou nome geográfico | ANTROPOLOGIA |
| 909 ## - | |
| -- | 202304 |
| -- | Sergio Santos |
| -- | 56 |
| -- | Sergio Santos |
| 942 ## - ELEMENTOS DE ENTRADA ADICIONADOS (KOHA) | |
| Tipo de material Koha | Livros |
| Situação do descarte | Fonte da classificação ou esquema de arquivamento na estante | Situação física | Não pode ser emprestado | Coleção | Biblioteca de origem | Biblioteca atual | Total de empréstimos | Número de telefone completo | Código de barras | Data de último acesso | Número do exemplar | Tipo de material Koha | Situação das perdas | Data de aquisição | Fonte de aquisição | Qualificador de local codificado |
|---|---|---|---|---|---|---|---|---|---|---|---|---|---|---|---|---|
| Classificação AGRIS | Acervo Cultural | Biblioteca Nacional de Agricultura - Binagri | Biblioteca Nacional de Agricultura - Binagri | B54 BS0002292 | B54 BS0002292 | 12/04/2023 | 01 | Livros | 2023-04-04 | Doação | B54 |

BINAGRI